| 000 | 00543nam a2200169 4500 | ||
|---|---|---|---|
| 999 |
_c3045 _d3045 |
||
| 003 | OSt | ||
| 005 | 20210209120359.0 | ||
| 008 | 210209b ||||| |||| 00| 0 eng d | ||
| 020 | _a9966463690 | ||
| 040 |
_aKABLIB _cKABLIB _dKABLIB |
||
| 082 |
_223 _a496 _bWAL |
||
| 100 |
_aWallah, Wallah Bin. _96955 |
||
| 245 |
_aMalenga wa Ziwakuu : _bmaswali na istilahi za kifasihi / _cWallah Bin Wallah. |
||
| 260 |
_aNairobi; Kampala; Dar es Salaam : _bEast African Educational Publishers, _cc2008. |
||
| 300 |
_axxxi, 171 p. ; _c21 cm. |
||
| 942 |
_2ddc _cBOOK |
||